000 00287nam a22001337a 4500
008 170307b xxu||||| |||| 00| 0 eng d
020 _a9780965853460
041 _aeng
080 _a611
100 _a6
101 _aSHM
245 _aTRAIL GUIDE TO THE BODY
_cBIEL, A
942 _2udc
_cBK
999 _c6989
_d6989